| 000 | 00330 a2200121 4500 | ||
|---|---|---|---|
| 001 | 76640 | ||
| 082 | _a425 TOM | ||
| 090 |
_c39161 _d39161 |
||
| 100 | _aTomalin Barry | ||
| 245 |
_aFollow Me (Programmes 31-45) _bvideo and audio cassettes |
||
| 260 |
_aNew York _bBBC English _c1994 |
||
| 300 |
_aix, 72 p. _evideo and audio cassettes |
||
| 942 |
_aNUST-CAE _k425 TOM |
||
| 999 |
_c311713 _d311713 |
||